Slovník slovenského jazyka

Salvato in:
Dettagli Bibliografici
Natura: Libro
Lingua:slovacco
Pubblicazione: Bratislava SAV 1964
Tags: Aggiungi Tag
Nessun Tag, puoi essere il primo ad aggiungerne!!

MARC

LEADER 00000nam a2200000 4500
001 c121163
005 20250729121104.4
041 0 |a slo 
044 |a SK 
245 1 0 |a Slovník slovenského jazyka  |c Red. Štefan Peciar 
264 1 |a Bratislava  |b SAV  |c 1964 
300 |a 759 s.